Catálogo

RELIGION NUEVA? (Registro nro. 34142)

Detalles MARC
000 -LEADER
fixed length control field 00399nam a2200157 a 4500
001 - CONTROL NUMBER
control field 34142
005 - DATE AND TIME OF LATEST TRANSACTION
control field 20180714002221.0
008 - FIXED-LENGTH DATA ELEMENTS--GENERAL INFORMATION
fixed length control field 140415s1967 000 0 spa d
041 ## - LANGUAGE CODE
Language code of text/sound track or separate title spa
082 ## - DEWEY DECIMAL CLASSIFICATION NUMBER
Classification number 200
Item number MIR
100 1# - MAIN ENTRY--PERSONAL NAME
Personal name MIRANDA, FELIX R.
245 10 - TITLE STATEMENT
Title RELIGION NUEVA?
260 ## - PUBLICATION, DISTRIBUTION, ETC.
Place of publication, distribution, etc. [s.l.] :
Name of publisher, distributor, etc. EDUARDO SALAZAR F. E HIJOS,
Date of publication, distribution, etc. 1967
300 ## - PHYSICAL DESCRIPTION
Extent 250
650 14 - SUBJECT ADDED ENTRY--TOPICAL TERM
Topical term or geographic name entry element MORAL
General subdivision RELIGION
Existencias
Withdrawn status Lost status Source of classification or shelving scheme Damaged status Not for loan Collection code Home library Current library Shelving location Date acquired Source of acquisition Inventory number Total Checkouts Full call number Barcode Price effective from Koha item type
    Dewey Decimal Classification     General Biblioteca Karol Wojtyla Biblioteca Karol Wojtyla Sala general 03/12/2013 Compra 151000000000000000057157   200 MIR 51722 03/12/2013 Libro